Statistiques concernant Skam- Qui est le main personnage de chaque saison ?

Cliquez ici pour prendre le quiz!

Statistiques générales

  • Ce quiz a été pris 114 fois
  • Le résultat moyen est 8 sur 11

Statistiques - réponses

SaisonsPersonnages% Correct
Saison 2Manon
96%
Saison 3Lucas
94%
Saison 1Emma
93%
Saison 5Arthur
87%
Saison 6Lola
87%
Saison 4Imane
82%
Saison 9Maya
69%
Saison 8Bilal
64%
Saison 7Tiffany
62%
Saison 10Anais
54%
Saison 11Rym
54%

Distribution des résultats

Percentile par nombre de réponses

% des personnes avec chaque résultat

Votre développement - résultats

Vous n’avez pas pris ce quiz